日本の都市雇用圏 - Statistics

General Stats
  • This quiz has been taken 390 times
  • The average score is 131 of 222
Answer Stats
都市圏人口 都市圏 郊外 % Correct
35,303,778 東京 竜ケ崎市・河内町・取手市・守谷市・つくばみらい市・五霞町・利根町・川越市・川島町・熊谷市・行田市・深谷市・寄居町・川口市・所沢市・飯能市・加須市・羽生市・東松山市・滑川町・嵐山町・吉見町・ときがわ町・春日部市・狭山市・鴻巣市・上尾市・草加市・越谷市・蕨市・戸田市・入間市・朝霞市・志木市・和光市・新座市・桶川市・久喜市・北本市・八潮市・富士見市・三郷市・蓮田市・坂戸市・幸手市・鶴ヶ島市・吉川市・ふじみ野市・白岡市・伊奈町・三芳町・鳩山町・宮代町・杉戸町・松伏町・市川市・船橋市・木更津市・君津市・富津市・松戸市・野田市・茂原市・睦沢町・長生村・白子町・長南町・佐倉市・東金市・九十九里町・習志野市・柏市・市原市・袖ケ浦市・流山市・八千代市・我孫子市・鎌ケ谷市・浦安市・四街道市・八街市・印西市・白井市・山武市・大網白里市・一宮町・長柄町・八王子市・上野原市・三鷹市・青梅市・奥多摩町・府中市・昭島市・調布市・町田市・小金井市・小平市・日野市・東村山市・国分寺市・国立市・福生市・狛江市・東大和市・清瀬市・東久留米市・武蔵村山市・多摩市・稲城市・羽村市・あきる野市・日の出町・檜原村・西東京市・相模原市・横須賀市・三浦市・平塚市・鎌倉市・藤沢市・小田原市・南足柄市・大井町・松田町・山北町・開成町・真鶴町・湯河原町・茅ヶ崎市・逗子市・秦野市・中井町・大和市・伊勢原市・海老名市・座間市・綾瀬市・葉山町・寒川町・大磯町・二宮町・愛川町・清川村
99%
12,078,820 大阪 八幡市・精華町・岸和田市・豊中市・池田市・吹田市・泉大津市・高槻市・貝塚市・守口市・枚方市・茨木市・八尾市・泉佐野市・泉南市・田尻町・富田林市・寝屋川市・河内長野市・松原市・大東市・和泉市・箕面市・柏原市・羽曳野市・摂津市・高石市・藤井寺市・四條畷市・交野市・大阪狭山市・阪南市・島本町・豊能町・忠岡町・熊取町・岬町・太子町・河南町・千早赤阪村・尼崎市・西宮市・芦屋市・伊丹市・宝塚市・川西市・三田市・猪名川町・奈良市・木津川市・笠置町・和束町・天理市・大和高田市・大和郡山市・安堵町・川西町・橿原市・桜井市・高取町・明日香村・生駒市・香芝市・葛城市・平群町・三郷町・斑鳩町・田原本町・上牧町・王寺町・広陵町・河合町・橋本市・かつらぎ町・九度山町
99%
6,871,632 名古屋市・他 多治見市・土岐市・瑞浪市・可児市・美濃加茂市・坂祝町・川辺町・七宗町・八百津町・御嵩町・岡崎市・幸田町・一宮市・瀬戸市・春日井市・津島市・碧南市・西尾市・犬山市・常滑市・江南市・稲沢市・大府市・知多市・知立市・尾張旭市・高浜市・岩倉市・豊明市・日進市・愛西市・清須市・北名古屋市・弥富市・あま市・長久手市・東郷町・豊山町・大口町・扶桑町・大治町・蟹江町・飛島村・阿久比町・東浦町・南知多町・美浜町・武豊町・桑名市・いなべ市・東員町・木曽岬町
97%
2,801,044 京都市・草津市 大津市・守山市・栗東市・野洲市・宇治市・宇治田原町・亀岡市・城陽市・向日市・長岡京市・京田辺市・南丹市・京丹波町・大山崎町・久御山町・井手町
97%
2,565,501 福岡市 小郡市・筑紫野市・春日市・大野城市・宗像市・太宰府市・古賀市・福津市・糸島市・那珂川町・宇美町・篠栗町・志免町・須恵町・新宮町・久山町・粕屋町
97%
2,419,973 神戸市 明石市・加古川市・高砂市・稲美町・播磨町・三木市・小野市・加東市
97%
2,362,914 札幌市・小樽市 江別市・北広島市・石狩市・当別町・余市町・古平町・仁木町・南幌町
96%
1,612,499 仙台市 塩釜市・名取市・多賀城市・岩沼市・大河原町・村田町・柴田町・川崎町・亘理町・山元町・松島町・七ヶ浜町・利府町・大和町・大衡村・大郷町・富谷町
95%
1,526,503 岡山市 倉敷市・総社市・浅口市・矢掛町・玉野市・備前市・瀬戸内市・赤磐市・和気町・早島町・吉備中央町
94%
1,431,634 広島市 廿日市市・府中町・海田町・熊野町・坂町・安芸太田町
94%
95,118 名護市 大宜味村・東村・今帰仁村・本部町・宜野座村
94%
1,314,276 北九州市 直方市・中間市・芦屋町・水巻町・岡垣町・遠賀町・鞍手町・苅田町・行橋市・みやこ町・築上町
93%
1,060,013 新潟市 新発田市・胎内市・五泉市・吾野氏・聖籠町・田上町
92%
1,129,296 浜松市 磐田市・袋井市・森町・湖西市
91%
988,056 静岡市 焼津市・藤枝市
91%
499,709 津市 松阪市・多気町・明和町・大台町・大紀町
90%
1,111,596 熊本市 菊池市・宇土市・宇城市・合志市・美里町・玉東町・大津町・菊陽町・西原村・御船町・嘉島町・益城町・甲佐町
89%
747,780 金沢市 かほく市・白山市・川北町・野々市市・津幡町・内灘町・宝達志水町
89%
398,217 佐賀市 多久市・小城市・神埼市・吉野ヶ里町・上峰町・大町町・江北町・白石町
89%
1,103,745 宇都宮市 鹿沼市・日光市・真岡市・益子町・さくら市・那須烏山市・那珂川町・下野市・上三川町・茂木町・市貝町・芳賀町・壬生町・塩谷町・高根沢町
88%
1,066,328 富山市 魚津市・黒部市・入善町・朝日町・滑川市・射水市・高岡市・氷見市・砺波市・南砺市・小矢部市・舟橋村・上市町・立山町
88%
724,236 鹿児島市 日置市・姶良市
88%
310,640 青森市 平内町・蓬田村・外ヶ浜町・今別町
88%
1,263,034 前橋市・高崎市 伊勢崎市・渋川市・藤岡市・富岡市・下仁田町・南牧村・甘楽町・安中市・榛東村・吉岡町・玉村町
87%
687,734 水戸市 笠間市・ひたちなか市・常陸大宮市・大子町・那珂市・茨城町・大洗町・城里町
87%
589,549 長野市 須坂市・高山村・中野氏・山ノ内町・木島平村・千曲市・小布施町・信濃町・小川村・飯綱町
87%
451,044 福島市 二本松市・伊達市・桑折町・国見町・川俣町
87%
397,801 秋田市 男鹿市・潟上市・五城目町・八郎潟町・井川町
87%
823,219 岐阜市 羽島市・各務原市・山県市・瑞穂市・本巣市・岐南町・笠松町・大野町・北方町
86%
637,608 松山市 伊予市・東温市・松前町・砥部町
86%
470,414 盛岡市 八幡平市・滝沢市・雫石町・岩手町・紫波町・矢巾町
86%
785,108 長崎市 諫早市・大村市・東彼杵町・雲仙市・長与町・時津町
85%
646,813 福井市 大野市・勝山市・鯖江市・越前市・池田町・南越前町・坂井市・あわら市・永平寺町・越前町
85%
586,986 甲府市 山梨市・韮崎市・南アルプス市・富士川町・甲斐市・笛吹市・甲州市・中央市・市川三郷町・昭和町
85%
447,802 松本市 塩尻市・安曇野市・生坂村・池田町・松川村・麻績村・山形村・朝日村・筑北村
85%
819,327 高松市 坂出市・丸亀市・善通寺市・琴平町・多度津町・まんのう町・宇多津町・さぬき市・東かがわ市・三木町・綾川町
84%
753,528 福山市 笠岡市・里庄町・井原市・尾道市・上島町・府中市
84%
737,936 大分市 別府市・日出町・臼杵市・豊後大野市・由布市
84%
569,758 和歌山市 海南市・紀美野町・有田市・紀の川市・岩出市
84%
534,571 山形市 寒河江市・河北町・西川町・朝日町・大江町・上山市・天童市・東根市・村山市・大石田町・山辺町・中山町
84%
388,701 旭川市 鷹栖町・東神楽町・当麻町・比布町・愛別町・東川町・美瑛町
84%
340,489 函館市 北斗市・七飯町
84%
284,790 松江市 安来市・雲南市
84%
830,532 那覇市・浦添市 宜野湾市・糸満市・豊見城市・南城市・中城村・西原町・与那原町・南風原町・八重瀬町
83%
773,389 姫路市 相生市・宍粟市・たつの市・市川町・福崎町・神河町・太子町・上郡町
83%
544,662 郡山市 須賀川市・鏡石町・天栄村・玉川村・田村市・葛尾村・本宮市・大玉村・三春町・小野町
83%
519,390 高知市 南国市・土佐市・香南市・香美市・いの町・佐川町・越知町・日高村
83%
350,237 いわき市
83%
62,455 山鹿市 和水町
83%
659,744 徳島市 鳴門市・小松島市・阿南市・那賀町・美波町・吉野川市・阿波市・勝浦町・佐那河内村・石井町・神山町・松茂町・北島町・藍住町・板野町・上板町
82%
623,210 四日市市 鈴鹿市・亀山市・菰野町・朝日町・川越町
82%
502,401 宮崎市 西都市・国富町・綾町・高鍋町・木城町・新富町
82%
324,451 八戸市 おいらせ町・五戸町・新郷村・南部町・階上町・洋野町
82%
313,364 山口市 防府市
82%
268,517 下関市
82%
232,610 鳥取市 岩美町・若桜町・智頭町・八頭町
82%
670,144 豊橋市 豊川市・新城市・東栄町・田原市
81%
205,177 釧路市 釧路町・鶴居村・白糠町
81%
843,402 つくば市・土浦市 石岡市・小美玉市・下妻市・常総市・坂東市・牛久市・かすみがうら市・美浦村・阿見町
80%
356,767 長岡市 小千谷市・見附市・出雲崎町
80%
291,789 弘前市 黒石市・平川市・西目屋村・藤崎町・大鰐町・田舎館村・板柳町
79%
387,236 富士市 富士宮市・南部町
77%
298,023 佐世保市 川棚町・波佐見町・佐々町
77%
484,352 豊田市 みよし市
76%
263,344 帯広市 音更町・芽室町・中札内村・幕別町
76%
72,502 宮古市 山田町
76%
431,897 久留米市 筑後市・うきは市・大刀洗町・大木町・広川町
75%
230,186 上越市 妙高市
75%
36,380 稚内市
75%
183,793 伊勢市 鳥羽市・玉城町・度会町・南伊勢町
74%
66,523 日田市
73%
497,258 沼津市 三島市・伊豆の国市・伊豆市・函南町・清水町・長泉町
71%
170,907 岩国市・大竹市 和木町
71%
76,079 敦賀市 美浜町
71%
26,917 根室市
71%
231,746 米子市 境港市・日吉津村・大山町・南部町・伯耆町・日野町・江府町
70%
223,807 会津若松市 喜多方市・北塩原村・磐梯町・会津坂下町・湯川村・柳津町・会津美里町
70%
190,477 苫小牧市 白老町
70%
171,938 出雲市
70%
142,117 酒田市 庄内町・遊佐町
69%
113,878 高山市 飛騨市
69%
236,290 都城市 三股町・高原町・曽於市
68%
137,380 鶴岡市 三川町
67%
126,326 北見市 訓子府町
67%
212,314 上田市 東御市・青木村・長和町・坂城町
67%
159,632 飯田市 松川町・高森町・阿南町・阿智村・平谷村・下條村・天龍村・泰阜村・喬木村・豊丘村
66%
349,111 日立市 常陸太田市・高萩市・北茨城市・東海村
65%
189,696 室蘭市 登別市・伊達市・壮瞥町・洞爺湖町・豊浦町
65%
158,114 今治市
65%
125,159 延岡市
65%
203,101 中津市 豊前市・吉富町・上毛町・宇佐市・豊後高田市
65%
129,451 一関市 平泉町
65%
613,825 太田市・大泉町 足利市・桐生市・みどり市・千代田町・邑楽町
64%
193,051 石巻市 東松島市・女川町
64%
157,871 米沢市 南陽市・高畠町・川西町
62%
156,739 横手市・湯沢市 羽後町・東成瀬村
62%
39,077 網走市
62%
232,100 宇部市 山陽小野田市
61%
128,687 唐津市 玄海町
61%
313,740 大垣市 養老町・垂井町・関ヶ原町・神戸町・輪之内町・安八町・揖斐川町・池田町
60%
157,127 八代市 氷川町・芦北町
60%
135,495 彦根市 豊郷町・甲良町・多賀町
60%
94,586 舞鶴市 高浜町
60%
112,756 福知山市 綾部市
59%
82,573 浜田市 江津市
59%
53,023 萩市 阿武町
59%
47,564 石垣市
59%
252,891 呉市 江田島市
58%
234,581 大牟田市 みやま市・荒尾市・長洲町・南関町
58%
218,354 小山市 結城市
58%
124,608 豊岡市 養父市・香美町
58%
37,544 熱海市
58%
267,340 周南市 下松市・光市・田布施町
57%
222,986 小松市 加賀市・能美市
57%
193,943 掛川市 御前崎市・菊川市
57%
182,007 佐久市 小諸市・小海町・南相木村・北相木村・佐久穂町・御代田町・立科町
57%
59,307 新宮市 紀宝町・那智勝浦町・太地町
57%
228,077 新居浜市 西条市
56%
191,213 北上市 花巻市
56%
92,242 宇和島市 松野町・鬼北町
56%
77,895 新庄市 金山町・最上町・舟形町・真室川町・大蔵村・鮭川村・戸沢村
56%
205,925 大崎市 加美町・色麻町・涌谷町・美里町
55%
182,412 津山市 美作市・西粟倉村・鏡野町・勝央町・奈義町・久米南町・美咲町
55%
128,161 田辺市 みなべ町・白浜町・すさみ町・上富田町
54%
55,371 益田市 津和野町
54%
270,079 神栖市・鹿嶋市 潮来市・銚子市・東庄町
53%
198,475 諏訪市 岡谷市・下諏訪町・茅野市・富士見町・原村
53%
154,508 鹿屋市 大崎町・東串良町・錦江町・南大隅町・肝付町
53%
136,184 霧島市 湧水町
53%
68,274 村上市 関川村
53%
67,076 むつ市 東通村・風間浦村
53%
50,492 奄美市 大和村・龍郷町
53%
328,796 成田市 富里市・香取市・酒々井町・栄町・神崎町・多古町・芝山町
52%
135,317 奥州市 金ケ崎町
52%
30,054 留萌市 増毛町・小平町
52%
29,048 名寄市
52%
327,550 沖縄市 うるま市・金武町・嘉手納町・北谷町・北中城村
51%
156,912 長浜市 米原市
51%
147,080 白河市 西郷村・泉崎村・中島村・矢吹町・棚倉町・塙町・矢祭町・浅川町
51%
115,681 鳥栖市 基山町・みやき町
51%
79,514 大館市 小坂町
51%
64,988 気仙沼市
51%
173,498 千歳市 恵庭市・安平町
50%
94,519 館山市 南房総市・鋸南町
50%
44,162 糸魚川市
50%
147,758 薩摩川内市 いちき串木野市・さつま町
49%
87,413 四国中央市
49%
73,106 四万十市 宿毛市・大月町・三原村・黒潮町
49%
28,005 富良野市 中富良野町
49%
215,037 三条市・燕市 加茂市・弥彦村
48%
250,876 那須塩原市・大田原市 矢板市・那須町
48%
184,305 伊那市 駒ヶ根市・飯島町・中川村・宮田村・箕輪町・辰野町・南箕輪村
48%
104,320 倉吉市 三朝町・湯梨浜町・琴浦町・北栄町
48%
72,896 七尾市 中能登町
48%
53,615 三次市
48%
130,585 大仙市 仙北市・美郷町
47%
96,194 三原市
47%
93,575 岩見沢市 三笠市
47%
90,478 天草市 苓北町
47%
179,010 伊賀市 名張市・曽爾村・御杖村・南山城村・山添村
46%
105,251 由利本荘市 にかほ市
46%
51,186 宮古島市
46%
34,347 尾鷲市 紀北町
46%
189,195 飯塚市 嘉麻市・小竹町・桂川町
44%
101,648 秩父市 横瀬町・皆野町・長瀞町・小鹿野町
44%
82,476 能代市 藤里町・三種町・八峰町
44%
219,333 東広島市 竹原市
43%
113,076 五所川原市 つがる市・鶴田町・中泊町
43%
48,561 釜石市 大槌町
43%
159,211 栃木市
42%
104,571 南相馬市 相馬市・新地町
42%
87,765 人吉市 錦町・相良村・山江村・球磨村・あさぎり町・多良木町・湯前町・水上村
42%
85,424 日向市 門川町・美郷町
42%
72,211 佐伯市
42%
23,109 紋別市
42%
118,919 佐野市
41%
135,147 洲本市 南あわじ市・淡路市
40%
88,272 伊東市 東伊豆町・河津町
40%
78,455 滝川市 砂川市・歌志内市・奈井江町・上砂川町・新十津川町
40%
37,327 五島市
40%
66,782 玉名市
39%
49,049 白石市 蔵王町・七ヶ宿町
39%
23,142 士別市 剣淵町
39%
91,971 島原市 南島原市
38%
91,608 柏崎市 刈羽村
38%
53,252 小浜市 おおい町・若狭町
38%
89,561 十和田市 七戸町・六戸町
37%
54,090 日南市
37%
30,084 水俣市 津奈木町
37%
212,776 古河市 八千代町・境町・野木町
35%
160,312 御殿場市・裾野市 小山町
35%
83,407 沼田市 片品村・川場村・昭和村・みなかみ町
35%
27,513 深川市 妹背牛町・秩父別町
34%
167,063 甲賀市 湖南市・日野町
33%
95,771 富士吉田市 西桂町・忍野村・山中湖村・富士河口湖町・鳴沢村
33%
44,577 八幡浜市 伊方町
33%
75,386 伊万里市 有田町
32%
105,304 島田市 川根本町
31%
102,726 館林市 板倉町・明和町
31%
64,946 十日町市 津南町
29%
40,196 三沢市
29%
126,104 田川市 香春町・添田町・糸田町・川崎町・大任町・赤村・福智町
28%
48,567 赤穂市
24%
228,704 東近江市 近江八幡市・竜王町・愛荘町
23%
133,383 本庄市 美里町・神川町・上里町
23%
115,477 関市 美濃市・富加町
23%
56,520 日高市
22%
147,205 筑西市 桜川市
20%
23,163 倶知安町 ニセコ町・京極町
20%
83,924 朝倉市 筑前町・東峰村
18%
67,777 柳川市
18%
23,035 美唄市
18%
49,236 長井市 白鷹町・飯豊町
16%
81,100 蒲郡市
14%
28,823 新ひだか町 新冠町
13%
62,066 西脇市 多可町
12%
20,873 遠軽町
11%
33,445 瑞穂町
8%
19,266 岩内町 共和町
6%
20,296 美幌町
3%
48,991 毛呂山町 越生町
2%
39,504 読谷村
2%
No matching quizzes found
Score Distribution
Percent of People with Each Score
Percentile by Number Answered
Your Score History
You have not taken this quiz